Регионална библиотека "Любен Каравелов" - Русе

Енциклопедия Децата на света (Запис номер 190338)

MARC детайли
000 -Лидер
Контролно поле с фиксирана дължина 02196nam a2200481 c 4500
003 - Код на организацията, давaща контролен номер
Контролно поле BLK
005 - Дата и час на последна редакция
Контролно поле 20250726130809.0
008 - Елементи от данни с фиксирана дължина
fixed length control field 180411b bul|||||r ||||||| ||bul||
010 ## - Наследен системен номер
LC control number KNG00199473000
020 ## - Международен стандартен номер на книга ISBN
Международен стандартен номер на книга ISBN 978-954-660-479-8
-- издат.: ПАН
040 ## - Източник на каталожния запис
Идентификатор на билиотеката - собственик на записа BLK
041 ## - Код за език
Код за езика на текст/звукозапис или на отделно заглавие Български
Код за езика КДБФ Български
072 #7 - Код за тематичната категория
Код организация bullib
Код за тематична категория Н86
Текст Детска отраслова литература Н
080 ## - УДК
Текстов определител УДК Възрастови групи. Социология на младежта, на децата, на средната възраст и на старостта
УДК код - определител по УДК 316.346.32
УДК определител (100)(035.053.2)
УДК - код + определител 316.346.32(100)(035.053.2)
100 ## - Редна дума - Автор
Автор Бомон, Емили
R(LIN) 368530
139 ## - Редно поле
Редна дума Бомон, Емили и др.
Авторски знак Бол - Б 61
245 10 - Сведения за заглавието
Заглавие Енциклопедия Децата на света
Редно поле (дума) Емили Бомон; съавт. Мари-Рене Гийоре; ил. Колет Давид; * Изабела Мисо; * Изабел Роньони; * Жилет Офман; прев. Борис Христов.
257 ## - Страна на издаване
Страна на създаване/издаване Франция
260 ## - Област на издателските данни
-- София
Име на издателя, разпространителя и проч. ПАН
Година на издаване 2014
Печатница София : Образование и наука
300 ## - Физическа характеристика
Страници 125 с.
Илюстрации и др. с цв. ил.
Размери/Мащаб 23 см
380 ## - Жанр
Жанр Детска отраслова лит.
500 ## - Общи забележки
Забележка Ориг. загл. L'imagerie des enfants du monde.
650 #4 - Допълнително описание по предмет – тема
Основно описание – тема или топоним Деца - енциклопедии и справочници
9 (RLIN) 345120
650 #4 - Допълнително описание по предмет – тема
Основно описание – тема или топоним Енциклопедии, детски
9 (RLIN) 154962
651 #4 - Допълнително описание по предмет - топоним
Географско понятие Свят
9 (RLIN) 179507
653 ## - Ключова дума – ненормативна
Ключова дума деца
653 ## - Ключова дума – ненормативна
Ключова дума енциклопедии
653 ## - Ключова дума – ненормативна
Ключова дума литература за деца
653 ## - Ключова дума – ненормативна
Ключова дума детска литература
659 ## - Тематичен бюлетин
Тематичен бюлетин Н
700 1# - Други автори (авторска отговорност)
Лично име Гийоре, Мари-Рене
Автороска отговорност (Описва отношението между автора и произведението) съавт.
9 (RLIN) 54034
700 1# - Други автори (авторска отговорност)
Лично име Давид, Колет
Автороска отговорност (Описва отношението между автора и произведението) ил.
9 (RLIN) 285032
700 1# - Други автори (авторска отговорност)
Лично име Мисо, Изабела
Автороска отговорност (Описва отношението между автора и произведението) *
9 (RLIN) 96939
700 1# - Други автори (авторска отговорност)
Лично име Роньони, Изабел
Автороска отговорност (Описва отношението между автора и произведението) *
9 (RLIN) 116940
700 1# - Други автори (авторска отговорност)
Лично име Офман, Жилет
Автороска отговорност (Описва отношението между автора и произведението) *
9 (RLIN) 105131
700 1# - Други автори (авторска отговорност)
Лично име Христов, Борис
Автороска отговорност (Описва отношението между автора и произведението) прев.
9 (RLIN) 368641
852 ## - Местоположение
Форматна сигнатура Цб 284165
856 4# - Електронен адрес и достъп
Електронен формат pdf - файл
Път до файла /url/
856 4# - Електронен адрес и достъп
Електронен формат pdf - файл
Път до файла /url/
942 ## - АРТИКУЛИ
Вид на библиотечния материал Книги
Скрит в OPAC Не
Koha issues (borrowed), all copies 21
944 ## - СЪЗДАВАНЕ И РЕДАКЦИЯ на ЗАПИСА
Създаване/Редакция Създаване
Дата на регистрацията/редакция 27.01.2017
Статус, дата на статуса Моника Янева
Служител, извършил регистрацията/редакцията 30570
944 ## - СЪЗДАВАНЕ И РЕДАКЦИЯ на ЗАПИСА
Създаване/Редакция Редакция
Дата на регистрацията/редакция 13.02.2017
Статус, дата на статуса ф /
Служител, извършил регистрацията/редакцията Людмила_Стоянова
999 ## - СИСТЕМНИ КОНТРОЛНИ НОМЕРА
Koha biblionumber 190338
Koha biblioitemnumber 190338
Наличности
Код за отписване Код за изгубен артикул Код за повреда Коз за рестрикции Код за отдаване Артикулен № Име на библиотеката - собственик Име на библиотеката, в която се намира в момента Статус (Текущо местоположение) Дата на вписване в системата Местоположение - отдел Цена в лева Инвентарен номер Систематично азбучна сигнатура Баркод Номер на екземпляра Цена в евро Служебна бележка Служебен тип на артикула
  Не е изгубен Не е повреден без рестрикции заемане за дома 334891 Регионална библиотека "Любен Каравелов" Русе Регионална библиотека "Любен Каравелов" Русе Детски отдел 2017-01-27 Детски отдел 17.90 120000808040 ДН 3/Б 61 120000808040 1 9.15 Дост: Pk Вид: Ф N: 481 Дата: 27.01.2017 Книги
Vip Innovations Ltd, Rousse, Bulgaria 2025